Hindu goddesses : (Record no. 1848384)

MARC details
000 -LEADER
fixed length control field 00760pam a2200265 a 4500
001 - CONTROL NUMBER
control field 3788199
003 - CONTROL NUMBER IDENTIFIER
control field OSt
005 - DATE AND TIME OF LATEST TRANSACTION
control field 20260422150121.0
008 - FIXED-LENGTH DATA ELEMENTS--GENERAL INFORMATION
fixed length control field 841123s1986 caua b s001 0 eng
010 ## - LIBRARY OF CONGRESS CONTROL NUMBER
LC control number 84028000
020 ## - INTERNATIONAL STANDARD BOOK NUMBER
International Standard Book Number 0520053931
020 ## - INTERNATIONAL STANDARD BOOK NUMBER
International Standard Book Number 9780520053939
035 ## - SYSTEM CONTROL NUMBER
System control number 3788199
040 ## - CATALOGING SOURCE
Original cataloging agency DLC
Transcribing agency DLC
Modifying agency DLC
043 ## - GEOGRAPHIC AREA CODE
Geographic area code a-ii---
050 00 - LIBRARY OF CONGRESS CALL NUMBER
Classification number BL1216.2
Item number .K56 1986
082 00 - DEWEY DECIMAL CLASSIFICATION NUMBER
Classification number 294.5/211
Edition number 19
100 1# - MAIN ENTRY--PERSONAL NAME
Personal name Kinsley, David R.
9 (RLIN) 1235400
245 10 - TITLE STATEMENT
Title Hindu goddesses :
Remainder of title visions of the divine feminine in the Hindu religious tradition /
Statement of responsibility, etc. David Kinsley.
260 ## - PUBLICATION, DISTRIBUTION, ETC.
Place of publication, distribution, etc. Berkeley :
Name of publisher, distributor, etc. University of California Press,
Date of publication, distribution, etc. 2005.
300 ## - PHYSICAL DESCRIPTION
Extent viii, 281 p.
650 #0 - SUBJECT ADDED ENTRY--TOPICAL TERM
Topical term or geographic name entry element Hindu goddesses.
9 (RLIN) 1234922
942 ## - ADDED ENTRY ELEMENTS (KOHA)
Source of classification or shelving scheme Colon Classification (CC)
Koha item type Textual
Suppress in OPAC No

No items available.

Copyright @ Delhi University Library System